| 000 | 00661nam a22001337a 4500 | ||
|---|---|---|---|
| 040 | _cRUA | ||
| 082 | _aAGE SOM 2015 B515 Or. | ||
| 100 | _aSOM DARA; សោម ដារ៉ា | ||
| 245 | _aStudy on storage methods and rice market in tboung khmum district, tboung khmum province; សិក្សាលើវិធីសាស្ត្រស្តុកទុក និងទីផ្សារស្រូវអង្កររបស់កសិករ នៅស្រុកត្បូងឃ្មុំ ខេត្តត្បូងឃ្មុំ | ||
| 260 |
_aRUA _bPhnom Penh _c2015 |
||
| 300 |
_axii; 54p. _bill. _c29cm. |
||
| 856 | _u SOM DARA | ||
| 942 | _cAGE | ||
| 999 |
_c9373 _d9373 |
||